Fest gebete der Israeliten (Record no. 9395)

MARC details
000 -CABECERA
campo de control de longitud fija 00573nam a2200217 a 4500
001 - NÚMERO DE CONTROL
campo de control BRL_583
005 - FECHA Y HORA DE LA ÚLTIMA TRANSACCIÓN
campo de control 20190320210818.0
008 - DATOS DE LONGITUD FIJA--INFORMACIÓN GENERAL
campo de control de longitud fija 040913s1926----gw-#######---#000-0#ger-#
041 ## - CÓDIGO DE LENGUA
Código de lengua del texto/banda sonora o título independiente ger
044 ## - CÓDIGO DEL PAÍS DE LA ENTIDAD EDITORA/PRODUCTORA
Código MARC del país gw
050 #4 - SIGNATURA TOPOGRÁFICA DE LA BIBLIOTECA DEL CONGRESO
Número de clasificación BM669
Número de documento/Ítem .F47 19
245 10 - MENCIÓN DE TÍTULO
Título Fest gebete der Israeliten
300 ## - DESCRIPCIÓN FÍSICA
Extensión 384 p.
Dimensiones 20 p.
500 ## - NOTA GENERAL
Nota general Presenta desprendimiento en la pasta del libro y faltante de hojas
500 ## - NOTA GENERAL
Nota general Au636
500 ## - NOTA GENERAL
Nota general Texto en: alemán y hebreo
650 14 - PUNTO DE ACCESO ADICIONAL DE MATERIA--TÉRMINO DE MATERIA
Término de materia o nombre geográfico como elemento de entrada Oración
Subdivisión general Judaismo
9 (RLIN) 24353
650 14 - PUNTO DE ACCESO ADICIONAL DE MATERIA--TÉRMINO DE MATERIA
Término de materia o nombre geográfico como elemento de entrada Judaismo
Subdivisión general Liturgia
9 (RLIN) 24354
902 ## - CATALOGADOR
Iniciales GRL
942 ## - ELEMENTOS DE PUNTO DE ACCESO ADICIONAL (KOHA)
Fuente del sistema de clasificación o colocación Library of Congress Classification
Tipo de ítem Koha Libros
Holdings
Estado de retiro Estado de pérdida Estado dañado No para préstamo Localización permanente Ubicación/localización actual Fecha de adquisición Número de inventario Total de préstamos Signatura topográfica completa Código de barras Fecha visto por última vez Precio válido a partir de Tipo de ítem Koha
El ejemplar forma parte de la colección y puede ser consultado según las políticas vigentes.       Biblioteca Centro de Estudios Ruth D. Lechuga Biblioteca Centro de Estudios Ruth D. Lechuga 04/09/2013 Au636   BM669 .F47 19 (Au636) GRL00640 22/03/2019 22/03/2019 Libros